1028 1767 1359 1761 1647 1838 1775 1172 1830 1317 1953 1638 1088 1856 1588 1734 1855 1141 1588 1310 1129 1131 1605 1123 1433 1452 1749 1437 1007 1594 1886 1210 1828 1954 1252 1650 1411 1286 1084 1450 1852 1905 1993 1436 1634 1594 1357 1259 1155 1600 1476 1790 1030 1904 1485 1633 1257 1937 1879 1249 1402 1032 1648 1944 1504 1211 1794 1869 1076 1941 1125 1899 1111 1632 1207 1503 1725 1368 1827 1176 1857 1311 1388 1475 1952 1025 1990 1460 1759 1091 1974 1574 1129 1071 1255 1287 1636 1762 1778 BCNSPRNW ULIB Ver.6.0+V

เปลี่ยนเป็นภาษาไทย

Change to English
 แสดงรายละเอียดบรรณานุกรม
  กลับหน้าหลัก

Brief Record : Get Marc (ISO 2709) : E-mail record : QR code < ปิดหน้าต่าง
LEADER : 00000nam 2200000uu 4500
001    13399109859
003     ULIB
008    110412s2553||||th 000 0 tha d
020    9786167287225
060 04 WC515^bช576ร 2553
245 00 เรียนรู้และเข้าใจ "ไข้หวัดใหญ่ตามฤดูกาลไข้หวัดนกและไข้หวัดใหญ่สายพันธุ์ใหม่ 2009" /^cศูนย์ฝึกอบรมทักษะการสื่อสาร ฝ่ายกุมารเวชศาสตร์ โรงพยาบาลจุฬาลงกรณ์ ; บรรณาธิการ, ชิษณุ พันธุ์เจริญ, ธันยวีร์ ภูธนกิจ, จรุงจิตร์ งามไพบูลย์
260    กรุงเทพฯ :^bศูนย์ฝึกอบรมทักษะการสื่อสาร ฝ่ายกุมารเวชศาสตร์โรงพยาบาลจุฬาลงกรณ์,^c2553
300    112 หน้า ;^c21 ซม.
650  7 ไข้หวัดใหญ่
650  7 ไข้หวัดนก
650  7 ไข้หวัดใหญ่สายพันธุ์ใหม่ 2009
700 0  ชิษณุ พันธุ์เจริญ,^eบรรณาธิการ
700 0  ธันยวีร์ ภูธนกิจ,^eบรรณาธิการ
700 0  จรุงจิตร์ งามไพบูลย์,^eบรรณาธิการ
710 2  โรงพยาบาลจุฬาลงกรณ์. ^bฝ่ายกุมารเวชศาสตร์.^bศูนย์ฝึกอบรมทักษะการสื่อสาร
945    ^p120^l0^i028279
945    ^p120^l0^i028278
945    ^p120^l0^i028277
945    ^p120^l0^i031576
995    ทศพร
999 ^a ใช้งานได้ทุกระบบ
รายการนี้ยังไม่มีแท็ก
คุณยังไม่ได้ล็อกอิน คุณสามารถมีกิจกรรมร่วมกับเว็บไซต์ได้ แต่ต้องล็อกอินก่อน ::
  ล็อกอิน

รายการสื่อสารสนเทศ

ลำดับที่ ประเภท เลขเรียก/บาร์โค้ด สถานที่ สถานะ
1. วิทยาศาสตร์การแพทย์ และสุขภาพ
หนังสือสำรอง
สถานะ=หนังสือสำรอง
WC515 ช576ร 2553 ฉ.1 
  Barcode: 028277
ห้องสมุดวิทยาเขตสวรรค์ประชารักษ์
►ส่วนจัดเก็บหนังสือเก่า สปร
บนชั้น
  ขอยืม
2. วิทยาศาสตร์การแพทย์ และสุขภาพ
วิทยาศาสตร์การแพทย์ และสุขภาพ
WC515 ช576ร 2553 ฉ.2 
  Barcode: 028278
ห้องสมุดวิทยาเขตสวรรค์ประชารักษ์
►ส่วนจัดเก็บหนังสือเก่า สปร
บนชั้น
  ขอยืม
3. วิทยาศาสตร์การแพทย์ และสุขภาพ
วิทยาศาสตร์การแพทย์ และสุขภาพ
WC515 ช576ร 2553 ฉ.3 
  Barcode: 028279
ห้องสมุดวิทยาเขตสวรรค์ประชารักษ์
►ส่วนจัดเก็บหนังสือเก่า สปร
บนชั้น
  ขอยืม
4. วิทยาศาสตร์การแพทย์ และสุขภาพ
วิทยาศาสตร์การแพทย์ และสุขภาพ
WC515 ช576ร 2553 ฉ.4 
  Barcode: 031576
ห้องสมุดวิทยาเขตสวรรค์ประชารักษ์
►ส่วนจัดเก็บหนังสือเก่า สปร
บนชั้น
  ขอยืม

รายการใกล้เคียง
    หัวเรื่อง [ไข้หวัดใหญ่]
    หัวเรื่อง [ไข้หวัดนก]
    หัวเรื่อง [ไข้หวัดใหญ่สายพันธุ์ใหม่ 2009]

BibComment


ยังไม่เคยถูกคอมเมนท์

คอมเมนท์ทรัพยากรรายการนี้
  คอมเมนท์: เรียนรู้และเข้าใจ..


 Copyright 2026. Bcnsprnw @Library